000 00523nam a2200193Ia 4500
003 GCL
008 140319s9999 xx 000 0 eng d
040 _aGCL /
_cGCL
082 0 4 _aCC
_b299.31
_bP R
100 1 _aPETRIE, FLINDERS
245 1 0 _aRELIGIOUS LIFE IN ANCIENT EGYPT /
_cPETRIE, FLINDERS
260 _a[S.N] :
_bCONSTABLE& COMPANY LTD ،
_c1932
300 _a221 P
650 0 4 _aANCIENT EGYPT - HISTORY
650 0 4 _aGOODS
650 0 4 _aEGYPT - CIVILIZATION
650 0 4 _aEGYPT - RELIGION
942 _2ddc
_cBK
999 _c19631
_d19631